Culture Sport #3 - Statistiques

Statistiques générales
  • Ce quiz a été pris 137 fois
  • Le résultat moyen est 6 sur 10
Statistiques - réponses
Question Réponse % Correct
Dans quel sport le Français Renaud Lavillenie s’est-il illustré ? Saut à la perche
94%
Quel est le sport d’origine du haka, célèbre danse guerrière maorie ? Rugby
91%
En escrime, laquelle des armes n'est pas une arme officielle ? Dague
83%
Quel pays domine historiquement le biathlon ? Norvège
79%
Quelle est la surface utilisée pour jouer au squash ? Parquet
76%
Quel est le score maximal possible lors d'une partie de bowling classique ? 300
58%
Combien de temps dure une période dans un match de hockey sur glace ? 20
48%
En équitation, quel nom donne-t-on à l’épreuve qui combine dressage, saut d’obstacles et cross ? Concours complet
48%
Quelle course cycliste est surnommée "la Doyenne" ? Liège-Bastogne-Liège
36%
Combien de points faut-il marquer pour remporter un set en volley-ball (hors tie-break) ? 15
6%
Aucun quiz correspondant
Distribution des résultats
% des personnes avec chaque résultat
Percentile par nombre de réponses
Votre historique - résultats
Vous n’avez pas pris ce quiz